Política, mujeres y futuro /

Sábháilte in:
Sonraí bibleagrafaíochta
Príomhchruthaitheoir: Fournier Vargas, Alicia
Formáid: Téacs
Ábhair:
Clibeanna: Cuir clib leis
Níl clibeanna ann, Bí ar an gcéad duine le clib a chur leis an taifead seo!

MARC

LEADER 00000 a a2200000 04500
001 17118
003
040
100 |a Fournier Vargas, Alicia  
245 |a Política, mujeres y futuro /  |c Alicia Fournier Vargas  
650 |a POLITICA  
650 |a MUJERES  
650 |a PARTICIPACION DE LA MUJER  
650 |a DISCRIMINACION BASADA EN EL SEXO  
650 |a EDUCACION  
650 |a SOCIALIZACION  
650 |a SOCIEDAD CIVIL  
650 |a DERECHOS DE LA MUJER  
650 |a DESARROLLO SUSTENTABLE  
773 |g volumen 7, número 1; páginas 33-43  
999 |c 21006  |d 21006